000 00523nam a2200181Ia 4500
999 _c14381
_d14381
003 OSt
005 20201019133550.0
008 190216s9999||||xx |||||||||||||| ||und||
020 _a9780199535736
040 _coclc
082 _a323.44
_bMIL/O
100 _aMill, John Stuart
_95921
245 0 _aOn Liberty And Other Essays /
_cJohn Stuart Mill
260 _bOxford University Press,
_aNew York:
_c2008.
300 _a604p
650 _aEnglish
942 _cBK
_2ddc
_h323.44
_iMIL/O
_k323.44
_mMIL/O